00704nam a2200241 a 4500001001300000003000900013005001700022008004100039020000900080082001600089100001800105245003600123260004000159300000900199500003500208505001000243650003100253700001800284902000800302942000700310952013000317999001500447nice12345678IN_TiNIC20260116012309.0050524s1986 newa grp 000 0 eng  ac7000a954.91bRIA aRiaz, Fahmida aPakistan Literature and Society aNew DelhibPatriot Publishersc1986 a124p aincludes index and biblioraphy2 aindex aPakistan-Social Conditions1 aRiaz, Fahmida bSRS cBK 001040708StackRoom-aHMIbHMId2007-04-12g70.00l1m1o954.91 RIAp012604r2022-04-21s2022-03-10v70.00w2005-05-24yBK c6445d6445